[Event "Hamburg League qual"]
[Site "Hamburg"]
[Date "2004.10.31"]
[Round "7"]
[White "Parindra, Amran Mojo Pahit"]
[Black "Dumjahn, Carsten"]
[Result "1-0"]
[WhiteElo "2016"]
[BlackElo "1983"]
[PlyCount "77"]
[EventDate "2004.10.09"]
[EventType "swiss"]
[EventRounds "7"]
[EventCountry "GER"]
[SourceTitle "EXT 2006"]
[Source "ChessBase"]
[SourceDate "2005.11.24"]
[SourceVersion "1"]
[SourceVersionDate "2005.11.24"]
[SourceQuality "1"]

1. Nf3 Nf6 2. d4 e6 3. h3 c5 4. e3 b6 5. Be2 Be7 6. 0-0 0-0 7. c4 d6 8. Nc3 Nbd7 9. d5 exd5 10. cxd5 a6 11. a4 Rb8 12. e4 b5 13. axb5 axb5 14. Bxb5 Nxe4 15. Bd3 Nef6 16. Re1 Nb6 17. Ra7 Rb7 18. Ra3 Rc7 19. Bb1 Re8 20. Rb3 Ra7 21. Bg5 Nbxd5 22. Nxd5 Nxd5 23. Qxd5 Bxg5 24. Rxe8+ Qxe8 25. Qxg5 Ra1 26. Qc1 Bf5 27. Nd2 g6 28. Ra3 Rxa3 29. bxa3 Be6 30. Ne4 Qe7 31. Qc3 f5 32. Qf6 Qd7 33. Ng5 Bc4 34. Bc2 Qe8 35. Qc3 Qe2 36. Bb3 Qf1+ 37. Kh2 d5 38. Qf6 d4 39. Ne6 1-0

[Event "Hamburg League qual"]
[Site "Hamburg"]
[Date "2004.10.30"]
[Round "6"]
[White "Colpe, Helge"]
[Black "Parindra, Amran Mojo Pahit"]
[Result "1/2-1/2"]
[WhiteElo "2088"]
[BlackElo "2016"]
[PlyCount "115"]
[EventDate "2004.10.09"]
[EventType "swiss"]
[EventRounds "7"]
[EventCountry "GER"]
[SourceTitle "EXT 2006"]
[Source "ChessBase"]
[SourceDate "2005.11.24"]
[SourceVersion "1"]
[SourceVersionDate "2005.11.24"]
[SourceQuality "1"]

1. d4 Nf6 2. Nf3 e6 3. c4 d5 4. Nc3 Bb4 5. e3 0-0 6. Bd2 dxc4 7. Bxc4 b6 8. 0-0 Bb7 9. a3 Bxc3 10. bxc3 c5 11. Re1 Qe7 12. Bd3 Nbd7 13. e4 cxd4 14. cxd4 e5 15. dxe5 Nxe5 16. Bf4 Nxf3+ 17. Qxf3 Qd7 18. Rad1 Qe6 19. Qe2 Rad8 20. f3 Qb3 21. Bc4 Qxa3 22. Ra1 Qe7 23. Rxa7 Ra8 24. Rxa8 Rxa8 25. Bg3 Qb4 26. Bd3 Ra3 27. Rd1 h6 28. Qc2 Qa5 29. Qd2 Qxd2 30. Rxd2 b5 31. Bf2 Rc3 32. Bd4 Rc1+ 33. Kf2 Bc6 34. Rb2 Nh5 35. g3 Rd1 36. Ke2 Rh1 37. Ke3 Re1+ 38. Re2 Rxe2+ 39. Bxe2 g6 40. g4 Ng7 41. Bxg7 Kxg7 42. Kd4 Kf6 43. Kc5 Bd7 44. Kd6 Be6 45. Bxb5 Kg5 46. Ke5 Bb3 47. Be8 f6+ 48. Kd6 Bd1 49. Ke6 Bxf3 50. h4+ Kxh4 51. Bxg6 Kg5 52. Bf5 Bd1 53. Kf7 Bb3+ 54. Be6 Ba4 55. Bf5 Bc2 56. Ke7 Bd3 57. Kf7 Be2 58. Ke7 1/2-1/2

[Event "Hamburg League qual"]
[Site "Hamburg"]
[Date "2004.10.23"]
[Round "5"]
[White "Parindra, Amran Mojo Pahit"]
[Black "Lgov, Vladimir"]
[Result "1-0"]
[WhiteElo "2016"]
[BlackElo "1998"]
[PlyCount "39"]
[EventDate "2004.10.09"]
[EventType "swiss"]
[EventRounds "7"]
[EventCountry "GER"]
[SourceTitle "EXT 2006"]
[Source "ChessBase"]
[SourceDate "2005.11.24"]
[SourceVersion "1"]
[SourceVersionDate "2005.11.24"]
[SourceQuality "1"]

1. Nf3 Nf6 2. d4 e6 3. c4 c5 4. d5 exd5 5. cxd5 d6 6. Nc3 g6 7. e4 Bg7 8. Bd3 Bg4 9. h3 Bxf3 10. Qxf3 0-0 11. 0-0 a6 12. a4 Nbd7 13. Bg5 Qb6 14. Rfb1 Rfc8 15. a5 Qd8 16. Qg3 h6 17. Bd2 Nh5 18. Qh2 Qf8 19. Be2 Nhf6 20. Bf4 1-0

[Event "Hamburg League qual"]
[Site "Hamburg"]
[Date "2004.10.16"]
[Round "3"]
[White "Parindra, Amran Mojo Pahit"]
[Black "Schroeder, Gerhard"]
[Result "0-1"]
[WhiteElo "2016"]
[BlackElo "2040"]
[PlyCount "99"]
[EventDate "2004.10.09"]
[EventType "swiss"]
[EventRounds "7"]
[EventCountry "GER"]
[SourceTitle "EXT 2006"]
[Source "ChessBase"]
[SourceDate "2005.11.24"]
[SourceVersion "1"]
[SourceVersionDate "2005.11.24"]
[SourceQuality "1"]

1. Nf3 c5 2. e4 e6 3. Nc3 Nc6 4. Bb5 Nge7 5. 0-0 a6 6. Bxc6 Nxc6 7. d4 cxd4 8. Nxd4 Qc7 9. Be3 Be7 10. Qg4 0-0 11. Nxc6 bxc6 12. Bh6 Bf6 13. Rae1 d5 14. Bd2 dxe4 15. Nxe4 Bxb2 16. c3 f5 17. Qg3 Qxg3 18. Nxg3 a5 19. Rb1 Ba3 20. Bf4 Ba6 21. Rfe1 Bc4 22. Be5 Bc5 23. Rb7 Rf7 24. Reb1 Rxb7 25. Rxb7 Ra7 26. Rb8+ Kf7 27. Nh5 Bxa2 28. Nxg7 Rd7 29. h4 Bf8 30. Nh5 a4 31. Ra8 Bb3 32. Nf6 Rd1+ 33. Kh2 a3 34. Nxh7 Bc5 35. Ng5+ Ke7 36. c4 a2 37. Nf3 Bd6 38. Ra7+ Kf8 39. Ra8+ Kf7 40. Ng5+ Ke7 41. Ra7+ Kd8 42. Nxe6+ Kc8 43. Bxd6 Rxd6 44. Nc5 Bxc4 45. Ra8+ Kc7 46. Ra3 Rd1 47. Na6+ Kb6 48. Rxa2 Bxa2 49. Nb4 Bf7 50. Nc2 0-1

[Event "Hamburg-ch int"]
[Site "Hamburg"]
[Date "2004.06.05"]
[Round "8"]
[White "Parindra, Amran Mojo Pahit"]
[Black "Mandelbaum, Peter Rene"]
[Result "1-0"]
[WhiteElo "2032"]
[BlackElo "2155"]
[PlyCount "129"]
[EventDate "2004.05.29"]
[EventType "swiss"]
[EventRounds "9"]
[EventCountry "GER"]
[SourceTitle "CBM 100 Extra"]
[Source "ChessBase"]
[SourceDate "2004.07.06"]
[SourceVersion "2"]
[SourceVersionDate "2004.07.06"]
[SourceQuality "1"]

1. Nf3 c5 2. e4 Nc6 3. Bc4 g6 4. 0-0 Bg7 5. Nc3 e5 6. d3 Nge7 7. Be3 d6 8. Ng5 0-0 9. Qf3 d5 10. Nxd5 Nxd5 11. Bxd5 Qe7 12. Qg3 h6 13. Nxf7 Rxf7 14. Qxg6 Nd8 15. Bxf7+ Nxf7 16. f4 exf4 17. Bxf4 Qe6 18. Qg3 Qg4 19. c3 Qxg3 20. Bxg3 Bg4 21. Rae1 Rd8 22. Re3 Ne5 23. h3 Be6 24. Bxe5 Bxe5 25. a3 b5 26. Kf2 a5 27. Ke2 b4 28. axb4 axb4 29. cxb4 cxb4 30. Rb1 Ba2 31. Rc1 b3 32. Rc6 Bxb2 33. Rg3+ Kf7 34. Rxh6 Bd4 35. Rh7+ Kf8 36. Rf3+ Kg8 37. Rb7 b2 38. Rg3+ Kh8 39. Rb5 Bg7 40. Rxg7 Kxg7 41. Rxb2 Be6 42. Ke3 Ra8 43. d4 Kf6 44. d5 Bc8 45. Kf4 Ra1 46. Rb6+ Ke7 47. Ke5 Rg1 48. Rb2 Ba6 49. Ra2 Bc8 50. Ra8 Kd8 51. Ra2 Re1 52. Rf2 Ke8 53. h4 Rh1 54. g3 Rg1 55. Kf4 Ke7 56. Rf3 Kd6 57. h5 Rh1 58. Kg5 Ke5 59. Rf8 Ba6 60. Re8+ Kd4 61. d6 Bb5 62. Re7 Kc5 63. d7 Rd1 64. h6 Bxd7 65. h7 1-0

[Event "Hamburg-ch int"]
[Site "Hamburg"]
[Date "2004.06.02"]
[Round "6"]
[White "Parindra, Amran Mojo Pahit"]
[Black "Kroencke, Manfred"]
[Result "0-1"]
[WhiteElo "2032"]
[BlackElo "2190"]
[PlyCount "86"]
[EventDate "2004.05.29"]
[EventType "swiss"]
[EventRounds "9"]
[EventCountry "GER"]
[SourceTitle "CBM 100 Extra"]
[Source "ChessBase"]
[SourceDate "2004.07.06"]
[SourceVersion "2"]
[SourceVersionDate "2004.07.06"]
[SourceQuality "1"]

1. Nf3 c5 2. e4 e6 3. Nc3 Nc6 4. Bc4 a6 5. a4 Qc7 6. d3 Nf6 7. 0-0 Be7 8. Re1 d6 9. h3 0-0 10. Bf4 b6 11. Qd2 Bb7 12. Bh2 Rac8 13. Rad1 Rfd8 14. Qe2 Nd4 15. Nxd4 cxd4 16. Nb1 Nxe4 17. f3 Nf6 18. Bxe6 fxe6 19. Qxe6+ Kf8 20. Nd2 Bd5 21. Qf5 Qd7 22. Qf4 Rxc2 23. g4 Bf7 24. Qxd4 d5 25. Qf2 Bc5 26. d4 Bb4 27. Bf4 Re8 28. Be5 Rxb2 29. Re2 Qxa4 30. Rc1 Qa2 31. Rd1 Bg6 32. Qe3 Qa4 33. Rde1 Kg8 34. h4 Rxd2 35. Rxd2 Bxd2 36. Qxd2 Nd7 37. h5 Nxe5 38. dxe5 Bf7 39. Kg2 d4 40. Kg3 Qa5 41. Qe2 d3 42. Qf2 d2 43. Rd1 Qxe5+ 0-1

[Event "Hamburg-ch qual"]
[Site "Hamburg"]
[Date "2003.11.16"]
[Round "7.3"]
[White "Parindra, Amran Mojo Pahit"]
[Black "Klarner, William R"]
[Result "1-0"]
[WhiteElo "1995"]
[BlackElo "2144"]
[PlyCount "55"]
[EventDate "2003.10.18"]
[EventType "swiss"]
[EventRounds "7"]
[EventCountry "GER"]
[EventCategory "1"]
[SourceTitle "CBM 097 Extra"]
[Source "ChessBase"]
[SourceDate "2004.01.13"]
[SourceVersion "1"]
[SourceVersionDate "2004.01.13"]
[SourceQuality "1"]

1. Nf3 f5 2. Nc3 Nf6 3. d4 d5 4. Bf4 c6 5. Be5 Nbd7 6. e3 e6 7. Be2 Be7 8. 0-0 0-0 9. h3 Ne4 10. Bh2 Bf6 11. Nxe4 fxe4 12. Nd2 e5 13. c3 Qe7 14. Bg4 Nb6 15. a4 Kh8 16. a5 Bxg4 17. Qxg4 Nd7 18. b4 g6 19. Rab1 h6 20. Nb3 Rf7 21. Nc5 Nf8 22. f3 exf3 23. Rxf3 h5 24. Qg3 e4 25. Rf2 Kg7 26. Rbf1 Nh7 27. Qd6 Rd8 28. Ne6+ 1-0

[Event "Hamburg-ch qual"]
[Site "Hamburg"]
[Date "2003.11.08"]
[Round "4.7"]
[White "Krupa, Boguslaw"]
[Black "Parindra, Amran Mojo Pahit"]
[Result "0-1"]
[WhiteElo "1906"]
[BlackElo "1995"]
[PlyCount "48"]
[EventDate "2003.10.18"]
[EventType "swiss"]
[EventRounds "7"]
[EventCountry "GER"]
[EventCategory "1"]
[SourceTitle "CBM 097 Extra"]
[Source "ChessBase"]
[SourceDate "2004.01.13"]
[SourceVersion "1"]
[SourceVersionDate "2004.01.13"]
[SourceQuality "1"]

1. e4 e5 2. Nf3 Nc6 3. d3 Bc5 4. Be2 d6 5. 0-0 h6 6. c3 Qf6 7. b4 Bb6 8. b5 Nd8 9. d4 Ne6 10. Be3 Ne7 11. h4 Ba5 12. Qc2 Ng6 13. Nbd2 Nef4 14. Bd1 Be6 15. d5 Bg4 16. Nc4 Bb6 17. Nxb6 axb6 18. Qd2 Nxg2 19. Kxg2 Bxf3+ 20. Bxf3 Nxh4+ 21. Kg3 Qxf3+ 22. Kxh4 g5+ 23. Bxg5 hxg5+ 24. Kxg5 Rh5# 0-1

[Event "Hamburg-ch qual"]
[Site "Hamburg"]
[Date "2003.11.01"]
[Round "3.8"]
[White "Parindra, Amran Mojo Pahit"]
[Black "Biermann, Helge"]
[Result "1-0"]
[WhiteElo "1995"]
[BlackElo "1727"]
[PlyCount "79"]
[EventDate "2003.10.18"]
[EventType "swiss"]
[EventRounds "7"]
[EventCountry "GER"]
[EventCategory "1"]
[SourceTitle "CBM 097 Extra"]
[Source "ChessBase"]
[SourceDate "2004.01.13"]
[SourceVersion "1"]
[SourceVersionDate "2004.01.13"]
[SourceQuality "1"]

1. Nf3 Nf6 2. d4 g6 3. c4 Bg7 4. Nc3 0-0 5. e4 d6 6. h3 Nbd7 7. Be3 e5 8. d5 Nh5 9. g3 h6 10. Nh4 Kh7 11. Bd3 Nc5 12. Bc2 a5 13. Qe2 Bd7 14. 0-0-0 b6 15. Rdg1 Qe7 16. Kb1 Rfd8 17. Bd2 Qe8 18. Qf3 Bf6 19. Qg2 Qf8 20. f3 Qe7 21. Qf2 Bxh4 22. gxh4 f5 23. exf5 gxf5 24. f4 e4 25. Bd1 Nf6 26. Qd4 Rg8 27. Nb5 Bxb5 28. cxb5 Rxg1 29. Rxg1 Rg8 30. Bc3 Rxg1 31. Qxg1 Qf7 32. Qd4 Ncd7 33. Qc4 Nc5 34. Qd4 Ncd7 35. a3 e3 36. Bc2 e2 37. Bxf5+ Kh8 38. Be6 Qg7 39. Bxd7 Qg1+ 40. Qxg1 1-0

[Event "Hamburg-ch qual"]
[Site "Hamburg"]
[Date "2003.10.18"]
[Round "1.12"]
[White "Parindra, Amran Mojo Pahit"]
[Black "Riedel, Siegfried"]
[Result "1-0"]
[WhiteElo "1995"]
[BlackElo "1620"]
[PlyCount "27"]
[EventDate "2003.10.18"]
[EventType "swiss"]
[EventRounds "7"]
[EventCountry "GER"]
[EventCategory "1"]
[SourceTitle "CBM 097 Extra"]
[Source "ChessBase"]
[SourceDate "2004.01.13"]
[SourceVersion "1"]
[SourceVersionDate "2004.01.13"]
[SourceQuality "1"]

1. Nf3 d6 2. d4 Bg4 3. e4 g6 4. Bc4 e6 5. 0-0 Bg7 6. Be3 Nd7 7. Nbd2 a6 8. c3 Nb6 9. Be2 Ne7 10. a4 0-0 11. a5 Nd7 12. h3 Bxf3 13. Nxf3 h6 14. Nh2 1-0

[Event "HSG/BUE-ch"]
[Site "Hamburg"]
[Date "2003.10.10"]
[Round "11"]
[White "Runge, Hans"]
[Black "Parindra, Amran Mojo Pahit"]
[Result "0-1"]
[WhiteElo "1878"]
[BlackElo "1984"]
[PlyCount "68"]
[EventDate "2003.07.04"]
[EventType "swiss"]
[EventRounds "18"]
[EventCountry "GER"]
[SourceTitle "EXT 2009"]
[Source "ChessBase"]
[SourceDate "2008.11.26"]
[SourceVersion "1"]
[SourceVersionDate "2008.11.26"]
[SourceQuality "1"]

1. e4 e5 2. Nf3 Nf6 3. Nxe5 d6 4. Nf3 Nxe4 5. d4 Be7 6. Bd3 d5 7. 0-0 0-0 8. c4 c6 9. cxd5 cxd5 10. Nc3 Nxc3 11. bxc3 Nc6 12. Re1 Bg4 13. h3 Bh5 14. Rb1 b6 15. Bb5 Na5 16. Qe2 Bd6 17. Bd2 Qf6 18. g4 Bg6 19. Bg5 Qe6 20. Qd1 Qc8 21. Bd3 Qxc3 22. Bxg6 fxg6 23. Re3 Qc7 24. Rc1 Nc4 25. Ne5 Nxe3 26. Bxe3 Qb7 27. Nc6 Qf7 28. a4 Rae8 29. Qb3 Qf3 30. Rc3 Rxe3 31. Ne7+ Bxe7 32. Rxe3 Qxf2+ 33. Kh1 Qf1+ 34. Kh2 Rf2+ 0-1

[Event "HSG/BUE-ch"]
[Site "Hamburg"]
[Date "2003.08.22"]
[Round "7"]
[White "Leminski, Hajo"]
[Black "Parindra, Amran Mojo Pahit"]
[Result "1-0"]
[WhiteElo "2271"]
[BlackElo "1984"]
[PlyCount "77"]
[EventDate "2003.07.04"]
[EventType "swiss"]
[EventRounds "18"]
[EventCountry "GER"]
[SourceTitle "EXT 2009"]
[Source "ChessBase"]
[SourceDate "2008.11.26"]
[SourceVersion "1"]
[SourceVersionDate "2008.11.26"]
[SourceQuality "1"]

1. e4 e5 2. Nf3 Nf6 3. Nc3 Nc6 4. Bb5 Bc5 5. 0-0 d6 6. d4 exd4 7. Nxd4 Bxd4 8. Qxd4 Bd7 9. Bxc6 Bxc6 10. e5 dxe5 11. Qxe5+ Qe7 12. Qxe7+ Kxe7 13. Bg5 Rhd8 14. Rfe1+ Kf8 15. Bxf6 gxf6 16. Rad1 Rxd1 17. Rxd1 b5 18. f3 f5 19. Kf2 a5 20. Rd2 Kg7 21. Ke3 b4 22. Ne2 Kf6 23. Kf4 Re8 24. Ng3 Re5 25. Nh5+ Ke6 26. Kg5 f6+ 27. Kf4 Ke7 28. h4 Be8 29. Ng3 Bd7 30. Rd3 Rc5 31. c3 Be6 32. Rd4 bxc3 33. bxc3 Bxa2 34. Nxf5+ Ke8 35. Ne3 Bb3 36. c4 a4 37. Rd3 c6 38. Rc3 Ra5 39. g4 1-0